Pályáim emlékezete. Veress Dániellel beszélget Domokos Géza

Elmentve itt :
Bibliográfiai részletek
Szerző: DOMOKOS Géza
Adatforrás:Meister
Forrásdokumentuma:A Hét. -
21 sz., 1999, 3-4 p.
Nyelv:magyar
Kulcsszavak:irodalomtörténet-interjú
évforduló
VERESS Dániel
LEADER 00424nab a2200145 i 4500
001 bibPRO00007898
008 060524s1999 xx hun
040 |a Sz1 
041 |a hun 
100 1 |a DOMOKOS Géza 
245 1 0 |a Pályáim emlékezete. Veress Dániellel beszélget Domokos Géza  |c DOMOKOS Géza 
695 |a irodalomtörténet-interjú 
695 |a évforduló 
695 |a VERESS Dániel 
773 0 |t A Hét. -  |g 21 sz., 1999, 3-4 p.